Tools for conviviality (Record no. 772)

MARC details
000 -LEADER
fixed length control field 00854cam a2200289 4500
001 - CONTROL NUMBER
control field 770575
003 - CONTROL NUMBER IDENTIFIER
control field GBCCL
005 - DATE AND TIME OF LATEST TRANSACTION
control field 20241126110345.0
008 - FIXED-LENGTH DATA ELEMENTS--GENERAL INFORMATION
fixed length control field 730509s1973 nyu 000 0 eng
010 ## -
-- 72009125
020 ## - INTERNATIONAL STANDARD BOOK NUMBER
International Standard Book Number 0060121386
040 ## - CATALOGING SOURCE
Original cataloging agency DLC
Transcribing agency DLC
Modifying agency DLC
050 00 -
-- HC59
-- .I36 1973
082 00 - DEWEY DECIMAL CLASSIFICATION NUMBER
Classification number 338.9
Item number ILL
100 1# - MAIN ENTRY--PERSONAL NAME
Personal name Illich, Ivan,
Dates associated with a name 1926-2002.
9 (RLIN) 1085
245 10 - TITLE STATEMENT
Title Tools for conviviality
Statement of responsibility, etc. [by] Ivan Illich.
250 ## - EDITION STATEMENT
Edition statement [1st ed.]
260 ## - PUBLICATION, DISTRIBUTION, ETC.
Place of publication, distribution, etc. New York,
Name of publisher, distributor, etc. Harper & Row
Date of publication, distribution, etc. [1973]
300 ## - PHYSICAL DESCRIPTION
Extent xxv, 110 p.
Dimensions 22 cm.
350 ## - PRICE (NR) (BK AM CF MU VM SE) [OBSOLETE]
Price $5.95
490 0# - SERIES STATEMENT
Series statement World perspectives, v. 47
500 ## - GENERAL NOTE
General note French revised version has title: La convivialité.
650 #0 - SUBJECT ADDED ENTRY--TOPICAL TERM
Topical term or geographic name entry element Economic development
General subdivision Social aspects.
9 (RLIN) 1086
650 #0 - SUBJECT ADDED ENTRY--TOPICAL TERM
Topical term or geographic name entry element Industries
General subdivision Social aspects.
9 (RLIN) 1087
906 ## - LOCAL DATA ELEMENT F, LDF (RLIN)
a 7
b cbc
c orignew
d 2
e ocip
f 19
g y-gencatlg
942 ## - ADDED ENTRY ELEMENTS (KOHA)
Source of classification or shelving scheme Dewey Decimal Classification
Koha item type Books
Holdings
Withdrawn status Lost status Source of classification or shelving scheme Damaged status Not for loan Home library Current Library Shelving location Date acquired Total checkouts Full call number Barcode Date last seen Copy number Price effective from Koha item type
    Dewey Decimal Classification     GRACE BIBLE COLLEGE GRACE BIBLE COLLEGE General Studies 2017-03-15   338.9 ILL 000820 2025-05-01 c.1 2017-03-15 Books
© Grace Bible College Library 2025